|
|
|
|
| LEADER |
01781nam a2200313 a 4500 |
| 001 |
18170 |
| 003 |
BD-DhAAL |
| 008 |
090826r19781969nyua b 001 0 eng d |
| 010 |
|
|
|a \\\77094163
|
| 020 |
|
|
|a 0486636127 :
|c $5.00
|
| 040 |
|
|
|a DLC
|c DLC
|d DLC
|d BD-DhAAL
|
| 082 |
0 |
0 |
|a 515.63
|2 17
|
| 100 |
1 |
|
|a Synge, J. L.
|q (John Lighton),
|d 1897-
|9 57613
|
| 245 |
1 |
0 |
|a Tensor calculus /
|c J. L. Synge and A. Schild.
|
| 260 |
|
|
|a New York :
|b Dover Publications,
|c c1949, 1978.
|
| 300 |
|
|
|a ix, 324 p. :
|b ill. ;
|c 21 cm
|
| 490 |
1 |
|
|a Mathematical expositions ;
|v v. 5.
|
| 500 |
|
|
|a Reprint of the 1969 ed. published by University of Toronto Press, Toronto, which was issued as v. 5 of Mathematical expositions.
|
| 504 |
|
|
|a Includes bibliographical references and (page 319) and index.
|
| 526 |
|
|
|a MNS
|x Fardousi Ara Begum
Faculty Member of BRAC University
Course Name : Tensor Calculus (MAT 416)
|
| 541 |
1 |
|
|e 18170, 18171
|a D. S. Books International
|
| 650 |
|
0 |
|a Calculus of tensors.
|
| 700 |
1 |
|
|a Schild, Alfred,
|d 1921-
|e joint author.
|9 57614
|
| 830 |
|
0 |
|a Mathematical expositions ;
|v v. 5.
|9 57615
|
| 852 |
4 |
|
|a Ayesha Abed Library
|c General Stacks
|
| 942 |
|
|
|2 ddc
|c BK
|
| 999 |
|
|
|c 3565
|d 3565
|
| 952 |
|
|
|0 0
|1 0
|2 ddc
|4 0
|6 515_630000000000000_SYN_1949
|7 0
|9 3237
|a BRACUL
|b BRACUL
|c GEN
|d 2009-09-02
|e D. S. Books International
|l 3
|m 41
|o 515.63 SYN
|p 3010018170
|r 2025-01-18
|s 2024-10-31
|t 1
|w 2009-09-02
|y BK
|x Requisitioned by Fardousi Ara Begum for the course named- "Tensor Calculus (MAT 416)" ; USD 15.95
|
| 952 |
|
|
|0 0
|1 0
|2 ddc
|4 0
|6 515_630000000000000_SYN_1949
|7 0
|9 8802
|a BRACUL
|b BRACUL
|c GEN
|d 2010-03-25
|e D. S. Books International
|l 3
|m 22
|o 515.63 SYN
|p 3010018171
|r 2022-04-27
|s 2020-01-16
|t 2
|w 2010-03-25
|y BK
|x Requisitioned by Fardousi Ara Begum for the course named- "Tensor Calculus (MAT 416)" ; USD 15.95
|